000 00572nam a22001937a 4500
003 KOHA_MİRAKIL
005 20241003053912.0
008 241002b2021 tu ||||| |||| 00| 0 tur d
020 _a9786050837940
040 _aTR-AnABB
_btur
_cTR-AnABB
041 _atur
082 _a894.5413
_bAHA 2021
100 1 _aAhava, Selja
_9808
245 1 0 _aGökten düşen şeyler /
_cSelja Ahava ; çeviren : Özge Acıoğlu.
260 _aİstanbul :
_bTimaş Yayınları,
_c2021.
300 _a222 sayfa ;
_c20 cm.
650 _aFinlandiya edebiyatı, roman
_9809
942 _2ddc
_cBK
999 _c7345
_d7345
900 _bCan Çelik